[Event "21st Czech GM Open"]
[Site "Pardubice CZE"]
[Date "2010.07.27"]
[Round "5"]
[White "Lahiri,A"]
[Black "Chiaretti,R"]
[Result "1/2-1/2"]
[WhiteElo "2353"]
[BlackElo "2209"]
[EventDate "2010.07.23"]

1. d4 Nf6 2. c4 e6 3. Nc3 Bb4 4. Qc2 d5 5. a3 Bxc3+ 6. Qxc3 Ne4 7. Qc2 c5
8. dxc5 Nc6 9. Nf3 Qa5+ 10. Bd2 Qxc5 11. e3 Nxd2 12. Nxd2 dxc4 13. Bxc4 O-O
14. Rc1 Bd7 15. Nb3 Qe7 16. Bd3 h6 17. O-O Rac8 18. Qe2 Nb8 19. Bb1 e5 20.
Qd3 g6 21. Na5 Bf5 22. Qb3 Bxb1 23. Rxb1 Rc7 24. Qb5 Rfc8 25. b3 b6 26. Nc4
Rc5 27. Qb4 Nc6 28. Qd2 Qe6 29. a4 Rd5 30. Qe2 Na5 31. Na3 Rcd8 32. b4 Nc6
33. Nc4 R5d7 34. Rfc1 e4 35. h3 Ne5 36. Nxe5 Qxe5 37. Qg4 Kg7 38. g3
1/2-1/2

[Event "21st Czech GM Open"]
[Site "Pardubice CZE"]
[Date "2010.07.27"]
[Round "5"]
[White "Umudova,N"]
[Black "Wichmann,C"]
[Result "1/2-1/2"]
[WhiteElo "2239"]
[BlackElo "2347"]
[EventDate "2010.07.23"]

1. e4 e6 2. d4 d5 3. Nc3 Nf6 4. e5 Nfd7 5. f4 c5 6. Nf3 a6 7. Be3 Qb6 8.
Na4 Qa5+ 9. c3 cxd4 10. b4 Qc7 11. Qxd4 a5 12. b5 b6 13. Bd3 Nc5 14. O-O
Nbd7 15. Rac1 Be7 16. Rb1 O-O 1/2-1/2

[Event "21st Czech GM Open"]
[Site "Pardubice CZE"]
[Date "2010.07.27"]
[Round "5"]
[White "Nilsson,S"]
[Black "Seifert,C"]
[Result "1/2-1/2"]
[WhiteElo "2342"]
[BlackElo "2176"]
[EventDate "2010.07.23"]

1. e4 c5 2. Nf3 Nc6 3. d4 cxd4 4. Nxd4 Nf6 5. Nc3 e6 6. Ndb5 Bb4 7. a3
Bxc3+ 8. Nxc3 d5 9. exd5 exd5 10. Bd3 O-O 11. O-O d4 12. Ne2 Bg4 13. f3 Bh5
14. b4 Qb6 15. Nf4 Bg6 16. Nxg6 hxg6 17. f4 Nd5 18. Qf3 Rad8 19. Re1 Nce7
20. Bd2 Nf5 21. Re5 Nfe3 22. Kh1 1/2-1/2

[Event "21st Czech GM Open"]
[Site "Pardubice CZE"]
[Date "2010.07.27"]
[Round "5"]
[White "Heidrich,Man"]
[Black "Miller,E"]
[Result "1/2-1/2"]
[WhiteElo "2329"]
[BlackElo "2092"]
[EventDate "2010.07.23"]

1. e4 e6 2. d4 d5 3. Nc3 Be7 4. Be3 dxe4 5. Nxe4 Nf6 6. Nxf6+ Bxf6 7. Nf3
b6 8. Bb5+ Bd7 9. Bd3 c5 10. c3 cxd4 11. Nxd4 Nc6 12. Be4 Nxd4 13. Bxd4 Rc8
14. Bxf6 Qxf6 15. O-O Bb5 16. Re1 Qg5 17. a4 Bc6 18. Bxc6+ Rxc6 19. Qf3 Qc5
20. Re5 Qd6 21. Rd1 Qc7 22. Re4 O-O 23. Red4 Rc4 24. Rd7 Qc5 25. h3 Rxa4
26. Rd8 h6 27. Rxf8+ Qxf8 28. Qc6 Ra2 29. Qc7 Qc5 30. Rd8+ Kh7 31. Qxf7
Ra1+ 32. Kh2 Re1 33. Rd7 Qg5 34. f4 Qg6 35. Rxa7 Re2 36. Qxg6+ Kxg6 37. b4
Re3 38. Rc7 Kf5 39. Rxg7 Kxf4 40. Rg4+ Kf5 41. Rc4 e5 42. Kg1 e4 43. Kf2
Rd3 44. Rc6 h5 45. Rh6 Kg5 46. Rxb6 Rxc3 47. Rb5+ Kf4 48. Rc5 Rb3 1/2-1/2

[Event "21st Czech GM Open"]
[Site "Pardubice CZE"]
[Date "2010.07.27"]
[Round "5"]
[White "Jasny,S"]
[Black "Mueller,Jan1"]
[Result "1-0"]
[WhiteElo "2323"]
[BlackElo "2075"]
[EventDate "2010.07.23"]

1. Nf3 c5 2. c4 g6 3. Nc3 Bg7 4. e3 Nf6 5. d4 O-O 6. Be2 e6 7. O-O b6 8. b3
Bb7 9. Bb2 Qe7 10. Qd2 Rd8 11. Rfd1 d6 12. a3 Nc6 13. d5 Na5 14. Qc2 exd5
15. Nxd5 Bxd5 16. cxd5 Rac8 17. Bc3 Ne4 18. Bxg7 Kxg7 19. Ba6 Rc7 20. Rac1
h6 21. b4 Nb7 22. Nd4 Re8 23. Bb5 Ra8 24. Nc6 Qh4 25. g3 Qg4 26. Be2 Qf5
27. f3 Nf6 28. Qxf5 gxf5 29. Nd4 Kg6 30. Bd3 Nxd5 31. Nxf5 Kf6 32. Be4 cxb4
33. Rxc7 Nxc7 34. Bxb7 Rb8 35. Be4 d5 36. Bd3 bxa3 37. Ra1 b5 38. Rxa3 a6
39. Rc3 Ne6 40. Rc6 a5 41. Nd4 b4 42. Ra6 b3 43. f4 b2 44. f5 1-0

[Event "21st Czech GM Open"]
[Site "Pardubice CZE"]
[Date "2010.07.27"]
[Round "5"]
[White "Fominykh,M"]
[Black "Raum,S"]
[Result "1/2-1/2"]
[WhiteElo "2313"]
[BlackElo "2034"]
[EventDate "2010.07.23"]

1. Nf3 Nf6 2. g3 g6 3. Bg2 Bg7 4. d4 O-O 5. c4 d5 6. cxd5 Nxd5 7. O-O Nb6
8. Nc3 Nc6 9. d5 Na5 10. e4 c6 11. dxc6 Nxc6 12. h3 Be6 13. Bf4 Nc4 14. Qc1
Qa5 15. Bh6 Rac8 16. Bxg7 Kxg7 17. Rd1 N6e5 18. Nd4 Rfd8 19. Nce2 Nd6 20.
Qg5 Bc4 21. Qxe7 Rd7 22. Qh4 Bxe2 23. Nxe2 Rc2 24. Rd5 Qb6 25. Nd4 Rxf2 26.
Rf1 Rxf1+ 27. Kxf1 Qxb2 28. Kg1 Qc1+ 29. Kh2 Ndc4 30. Rxd7 Nxd7 31. Ne6+
fxe6 32. Qe7+ Kh6 33. Qh4+ Kg7 34. Qe7+ Kh6 35. Qh4+ Kg7 36. Qe7+ 1/2-1/2

[Event "21st Czech GM Open"]
[Site "Pardubice CZE"]
[Date "2010.07.27"]
[Round "5"]
[White "Rogule,L"]
[Black "Chernyshova,N"]
[Result "1-0"]
[WhiteElo "2305"]
[BlackElo "2019"]
[EventDate "2010.07.23"]

1. d4 d5 2. c4 c6 3. Nc3 Nf6 4. Nf3 e6 5. Bg5 Be7 6. e3 Nbd7 7. Qc2 O-O 8.
O-O-O h6 9. Bf4 dxc4 10. Bxc4 b5 11. Be2 a5 12. g4 Nh7 13. h4 b4 14. Na4
Ba6 15. Bxa6 Rxa6 16. g5 c5 17. dxc5 Qc8 18. gxh6 Nxc5 19. hxg7 Re8 20.
Nxc5 Rc6 21. Kb1 Bxc5 22. Qa4 Bb6 23. Ne5 Rc7 24. Ng4 Rc5 25. Be5 Rxe5 26.
Nxe5 Kxg7 27. Rd7 Rf8 28. Rg1+ Kf6 29. Qb5 Qc5 30. Ng4+ Kf5 31. Qd3+ 1-0

[Event "21st Czech GM Open"]
[Site "Pardubice CZE"]
[Date "2010.07.28"]
[Round "6"]
[White "Breder,D"]
[Black "Jaracz,P"]
[Result "1/2-1/2"]
[WhiteElo "2429"]
[BlackElo "2541"]
[EventDate "2010.07.23"]

1. e4 e5 2. Nf3 Nc6 3. d4 exd4 4. Nxd4 Bc5 5. Nxc6 Qf6 6. Qf3 bxc6 7. Nd2
Qxf3 8. Nxf3 Ne7 9. Bd3 d6 10. O-O O-O 11. h3 Ng6 1/2-1/2

[Event "21st Czech GM Open"]
[Site "Pardubice CZE"]
[Date "2010.07.28"]
[Round "6"]
[White "Vaibhav,S"]
[Black "Schneider,Il"]
[Result "0-1"]
[WhiteElo "2419"]
[BlackElo "2515"]
[EventDate "2010.07.23"]

1. e4 d5 2. exd5 Qxd5 3. Nc3 Qa5 4. d4 Nf6 5. Nf3 Nc6 6. Bd2 a6 7. Bc4 Qh5
8. Ne5 Bg4 9. Nxg4 Qxg4 10. Qxg4 Nxg4 11. Ne2 e5 12. f3 Nf6 13. dxe5 Nxe5
14. Bb3 O-O-O 15. O-O-O Bc5 16. Ng3 Rhe8 17. Rhe1 Bf2 18. Rf1 Bc5 19. Rfe1
Bf2 20. Rf1 Bc5 21. Nf5 g6 22. Ng3 Nd5 23. Ne4 Be7 24. Rfe1 Bh4 25. Ng3 Nf6
26. Bf4 Nfd7 27. Re4 f5 28. Ree1 Bf6 29. a3 h5 30. Nf1 Nc5 31. Rxd8+ Kxd8
32. Kb1 Nxb3 33. cxb3 Re7 34. Rd1+ Rd7 35. Rxd7+ Kxd7 36. Kc2 c5 37. Ne3
Ke6 38. Nc4 Nc6 39. Be3 b5 40. Nd2 Kd5 41. Bf2 Be5 42. g3 Nd4+ 43. Kd3 g5
44. h3 Nxb3 45. Nxb3 c4+ 46. Kc2 cxb3+ 47. Kxb3 g4 48. fxg4 fxg4 49. hxg4
hxg4 50. a4 Bd6 51. axb5 axb5 52. Kc3 Ke4 53. Bb6 b4+ 54. Kc4 Kf3 55. Kd5
Bxg3 56. Bc5 Bf2 57. Bxb4 g3 58. Bd6 g2 59. Bh2 Kg4 0-1

[Event "21st Czech GM Open"]
[Site "Pardubice CZE"]
[Date "2010.07.28"]
[Round "6"]
[White "Sethuraman,S"]
[Black "Zpevak,P"]
[Result "1-0"]
[WhiteElo "2513"]
[BlackElo "2410"]
[EventDate "2010.07.23"]

1. d4 Nf6 2. c4 e6 3. Nc3 Bb4 4. Qc2 O-O 5. e4 d6 6. e5 dxe5 7. dxe5 Nfd7
8. Nf3 Nc6 9. a3 Bxc3+ 10. Qxc3 a5 11. Be3 b6 12. O-O-O Qe7 13. Bd3 Nc5 14.
Bb1 a4 15. Bc2 Bb7 16. h4 Rfd8 17. Rxd8+ Rxd8 18. Bf5 f6 19. exf6 1-0

[Event "21st Czech GM Open"]
[Site "Pardubice CZE"]
[Date "2010.07.28"]
[Round "6"]
[White "Sergienko,S"]
[Black "Haba,P"]
[Result "0-1"]
[WhiteElo "2412"]
[BlackElo "2512"]
[EventDate "2010.07.23"]

1. e4 e5 2. Nf3 Nc6 3. Bb5 Nf6 4. O-O Nxe4 5. d4 Nd6 6. Bxc6 dxc6 7. dxe5
Nf5 8. Qxd8+ Kxd8 9. Nc3 Ke8 10. h3 h5 11. a3 Be7 12. Re1 Be6 13. Bg5 Rd8
14. Rad1 Rxd1 15. Rxd1 h4 16. Bxe7 Kxe7 17. Ng5 Bc8 18. Nce4 b6 19. Rd2 f6
20. exf6+ gxf6 21. Nf3 Kf7 22. Nc3 a5 23. Ne2 Nd6 24. Rd4 c5 25. Rf4 Nf5
26. Nc3 Rd8 27. Nb5 Rd1+ 28. Kh2 Rc1 29. Nxh4 Nxh4 30. Rxh4 Rxc2 31. Rh7+
Kg6 32. Rxc7 Ba6 33. Nd6 Rxf2 34. b3 Rb2 35. Kg1 Rxb3 36. a4 Rb1+ 37. Kf2
Rb2+ 38. Kg1 Bd3 39. Rc6 Kg5 40. g3 c4 41. Nf7+ Kf5 42. Nd6+ Kg5 43. Nf7+
Kf5 44. Nd6+ Kg6 45. Nc8 b5 46. axb5 a4 47. Ne7+ Kg7 48. Nd5 a3 49. Rc7+
Kh6 0-1

[Event "21st Czech GM Open"]
[Site "Pardubice CZE"]
[Date "2010.07.28"]
[Round "6"]
[White "Hedman,E"]
[Black "Bryzgalin,K"]
[Result "1/2-1/2"]
[WhiteElo "2391"]
[BlackElo "2499"]
[EventDate "2010.07.23"]

1. e4 c5 2. Nf3 Nc6 3. d4 cxd4 4. Nxd4 Qc7 5. Nb5 Qb8 6. c4 a6 7. N5c3 e6
8. Be3 Nf6 9. Be2 Bd6 10. Nd2 b6 11. Na4 Bc7 12. Qb3 Na5 13. Qb4 Nc6 14.
Qb3 Na5 15. Qb4 Nc6 1/2-1/2

[Event "21st Czech GM Open"]
[Site "Pardubice CZE"]
[Date "2010.07.28"]
[Round "6"]
[White "Bures,J"]
[Black "Zilka,S"]
[Result "1-0"]
[WhiteElo "2332"]
[BlackElo "2493"]
[EventDate "2010.07.23"]

1. e4 e5 2. Nf3 Nc6 3. Bb5 Nf6 4. O-O Nxe4 5. d4 Nd6 6. Bxc6 dxc6 7. dxe5
Nf5 8. Qxd8+ Kxd8 9. Nc3 Ke8 10. h3 Ne7 11. Kh2 Ng6 12. Ne4 h6 13. b3 Be7
14. Bb2 c5 15. Rae1 Be6 16. Nfd2 h5 17. g3 h4 18. g4 Nf4 19. Bc1 Rd8 20.
Nc4 Bxc4 21. bxc4 g5 22. Bxf4 gxf4 23. Nf6+ Kf8 24. Rd1 Rd4 25. Rxd4 cxd4
26. Rd1 c5 27. Rb1 b6 28. Nd5 Bg5 29. Kg2 Rh6 30. Kf3 Re6 31. Re1 f6 32.
Nxf4 Bxf4 33. Kxf4 Kf7 34. Kf5 fxe5 35. Rxe5 Rf6+ 36. Ke4 Rxf2 37. Rf5+
Rxf5 38. Kxf5 Ke7 39. Ke5 1-0

[Event "21st Czech GM Open"]
[Site "Pardubice CZE"]
[Date "2010.07.28"]
[Round "6"]
[White "Doros,R"]
[Black "Lalic,B"]
[Result "1/2-1/2"]
[WhiteElo "2331"]
[BlackElo "2491"]
[EventDate "2010.07.23"]

1. d4 d5 2. c4 dxc4 3. e3 e5 4. Bxc4 exd4 5. exd4 Nf6 6. Nf3 Bd6 7. O-O O-O
8. h3 Nc6 9. Nc3 h6 10. Be3 Bf5 11. Nh4 Bh7 12. Qf3 Bb4 13. Rfd1 Bxc3 14.
bxc3 Ne4 15. Nf5 Bxf5 16. Qxf5 Nd6 17. Qd3 Nxc4 18. Qxc4 Qd7 19. Qa4 Rfe8
20. c4 b6 21. Rac1 Rad8 22. c5 Ne7 23. Qxa7 Nd5 24. cxb6 cxb6 25. Qxd7
1/2-1/2

[Event "21st Czech GM Open"]
[Site "Pardubice CZE"]
[Date "2010.07.28"]
[Round "6"]
[White "Durarbeyli,V"]
[Black "Grinev,V"]
[Result "1/2-1/2"]
[WhiteElo "2501"]
[BlackElo "2336"]
[EventDate "2010.07.23"]

1. e4 c6 2. d4 d5 3. exd5 cxd5 4. c4 Nf6 5. Nc3 e6 6. Nf3 Be7 7. cxd5 Nxd5
8. Bd3 Nc6 9. O-O O-O 10. Re1 Bf6 11. Be3 Nxe3 12. fxe3 b6 13. a3 Bb7 14.
Ne4 Be7 15. Rf1 Qd5 16. Ng3 Rad8 17. Rc1 g6 18. Qc2 Rc8 19. Qf2 Bf6 20. Kh1
Bg7 21. Bc4 Qd7 22. Ba2 Ne7 23. Rxc8 Nxc8 24. e4 Nd6 25. Re1 Nb5 26. Rd1
Nxd4 27. Rxd4 Bxd4 28. Nxd4 Rd8 29. Nf3 Qd1+ 30. Ng1 Qc1 31. h3 Rd2 32. Qf4
Rd1 33. Qb8+ Qc8 34. Qf4 Qc1 35. Qb8+ Qc8 36. Qf4 Qc1 1/2-1/2

[Event "21st Czech GM Open"]
[Site "Pardubice CZE"]
[Date "2010.07.28"]
[Round "6"]
[White "Franciskovic,B"]
[Black "Kjartansson,G"]
[Result "1/2-1/2"]
[WhiteElo "2253"]
[BlackElo "2384"]
[EventDate "2010.07.23"]

1. Nf3 Nf6 2. g3 d5 3. Bg2 e6 4. O-O Be7 5. d4 O-O 6. c4 dxc4 7. Ne5 Nc6 8.
Nxc6 bxc6 9. Na3 Bxa3 10. bxa3 Nd5 11. Qa4 Qd6 1/2-1/2

[Event "21st Czech GM Open"]
[Site "Pardubice CZE"]
[Date "2010.07.28"]
[Round "6"]
[White "Gomes,Mary"]
[Black "Maximov,D"]
[Result "1/2-1/2"]
[WhiteElo "2284"]
[BlackElo "2506"]
[EventDate "2010.07.23"]

1. Nf3 Nf6 2. g3 g6 3. Bg2 Bg7 4. O-O O-O 5. c4 d6 6. d4 Nbd7 7. Nc3 e5 8.
e4 exd4 9. Nxd4 Nc5 10. h3 Re8 11. Re1 a5 12. b3 Nfd7 13. Be3 Ne5 14. Re2
f6 15. Rd2 Bd7 16. f4 Nf7 17. Bf2 Qc8 18. Kh2 c6 19. Rc1 Re7 20. Nde2 b6
21. Nd4 Qe8 22. Qc2 Nh6 23. Re1 Qc8 24. a3 Na6 25. Nde2 Qc7 26. Qb1 Rae8
27. b4 f5 28. bxa5 bxa5 29. Bb6 Qb8 30. Bxa5 Qxb1 31. Rxb1 fxe4 32. Rxd6
Nf5 33. Rd2 Ne3 34. Bxe4 Nc5 35. Rxd7 Rxd7 36. Bxc6 Rd2 37. Bxe8 Bxc3 38.
Bxc3 Rxe2+ 39. Kg1 Rg2+ 40. Kh1 Nd3 41. Be1 Re2 42. c5 Rxe1+ 43. Rxe1 Nxe1
44. Bb5 Kf8 45. a4 N1c2 46. a5 Nd4 1/2-1/2

[Event "21st Czech GM Open"]
[Site "Pardubice CZE"]
[Date "2010.07.28"]
[Round "6"]
[White "Kaufeld,J"]
[Black "Vokac,M"]
[Result "0-1"]
[WhiteElo "2270"]
[BlackElo "2458"]
[EventDate "2010.07.23"]

1. Nf3 Nf6 2. d4 b5 3. a4 b4 4. Bg5 Bb7 5. e3 e6 6. Nbd2 h6 7. Bh4 c5 8.
Nb3 cxd4 9. exd4 Be7 10. Bd3 O-O 11. O-O a5 12. Qe2 d6 13. Rfc1 Nbd7 14. c3
bxc3 15. bxc3 Nh5 16. Bg3 Nxg3 17. hxg3 d5 18. Bb5 Nf6 19. Ne5 Qc7 20. f3
Rfc8 21. Rab1 Qd8 22. Nd3 Bc6 23. Nbc5 Bxb5 24. Rxb5 Bd6 25. Kf2 Qc7 26.
Ne5 Ra7 27. Rcb1 Bxe5 28. Qxe5 Qxe5 29. dxe5 Nd7 30. Nxd7 Rxd7 31. Rb8 Rdc7
32. Rxc8+ Rxc8 33. Rb5 Rxc3 34. f4 g5 35. Rxa5 Kg7 36. f5 exf5 37. Rxd5 Ra3
38. Ra5 Kg6 39. Ra8 Kh5 40. a5 Kg4 41. Rh8 Ra2+ 42. Ke3 Rxa5 43. Rxh6 Kxg3
44. Rf6 Rxe5+ 45. Kd4 Ra5 46. Rxf7 Kxg2 0-1

[Event "21st Czech GM Open"]
[Site "Pardubice CZE"]
[Date "2010.07.28"]
[Round "6"]
[White "Borosova,Z"]
[Black "Klenburg,M"]
[Result "1/2-1/2"]
[WhiteElo "2266"]
[BlackElo "2437"]
[EventDate "2010.07.23"]

1. e4 d6 2. d4 Nf6 3. Nc3 g6 4. Be3 c6 5. h3 Nbd7 6. Nf3 Qc7 7. a4 Bg7 8.
Be2 O-O 9. O-O b6 10. Nd2 Bb7 11. f4 e6 12. Bf3 a6 13. Qe1 c5 14. d5 exd5
15. exd5 b5 16. axb5 axb5 17. Nxb5 Qb6 18. Nc3 Qxb2 19. Rxa8 Bxa8 20. Nc4
Qb8 21. Qd2 1/2-1/2

[Event "21st Czech GM Open"]
[Site "Pardubice CZE"]
[Date "2010.07.28"]
[Round "6"]
[White "Antipov,M2"]
[Black "Karavade,E"]
[Result "1-0"]
[WhiteElo "2238"]
[BlackElo "2378"]
[EventDate "2010.07.23"]

1. e4 e5 2. Bc4 Nf6 3. d3 Bc5 4. Nf3 Nc6 5. O-O a6 6. c3 Ba7 7. Bb3 O-O 8.
Re1 d6 9. h3 h6 10. Nbd2 Be6 11. Nf1 Re8 12. Be3 Bxe3 13. Nxe3 d5 14. Qc2
Qd7 15. Rad1 d4 16. cxd4 Nxd4 17. Nxd4 exd4 18. Bxe6 Rxe6 19. Nf5 Kh7 20.
Rc1 g6 21. Nh4 c6 22. Qc5 Rd8 23. Nf3 Nh5 24. g3 Ree8 25. Kg2 Ng7 26. Qa5
Qd6 27. Nd2 f6 28. Nc4 Qd7 29. f4 Re7 30. Nd2 f5 31. Nf3 fxe4 32. dxe4 Qe8
33. Ne5 g5 34. Ng4 Kg6 35. f5+ Kf7 36. Nxh6+ Kf8 37. f6 Re5 38. Qa3+ 1-0

[Event "21st Czech GM Open"]
[Site "Pardubice CZE"]
[Date "2010.07.28"]
[Round "6"]
[White "Sabol,M"]
[Black "Vovk,I"]
[Result "1-0"]
[WhiteElo "2371"]
[BlackElo "2286"]
[EventDate "2010.07.23"]

1. d4 f5 2. e4 fxe4 3. Nc3 Nf6 4. Bg5 Nc6 5. f3 e5 6. d5 Nd4 7. Nxe4 Be7 8.
Bxf6 Bxf6 9. Bd3 O-O 10. Ne2 Bh4+ 11. N2g3 d6 12. c3 Nf5 13. Qd2 c6 14. Bc4
b5 15. Bb3 c5 16. Bc2 Qb6 17. O-O-O b4 18. Nxf5 Bxf5 19. c4 Qa6 20. Kb1
Bxe4 21. Bxe4 Qxc4 22. g3 Be7 23. Bd3 Qd4 24. Qc2 Qe3 25. Bxh7+ Kh8 26. Be4
b3 27. Qxb3 Qxb3 28. axb3 Rab8 29. Kc2 Rb7 30. Ra1 Rfb8 31. Rhb1 Bd8 32.
Ra6 Bb6 33. h4 Kg8 34. Rba1 Kf7 35. R1a4 Ke7 36. Bd3 Rf8 37. Rg4 Kd8 38.
Be4 Kc8 39. Ra1 Bd8 40. Ra6 Bb6 41. Rg6 Rd7 42. h5 Kb7 43. Ra1 Bd8 44. Rh1
Rf6 45. Rxf6 Bxf6 46. h6 gxh6 47. Rxh6 Rf7 48. g4 Kc7 49. Bf5 Bg7 50. Rh7
Kd8 51. Be4 Rb7 52. g5 Ke8 53. g6 Kf8 54. Rh1 Ke7 55. Ra1 Kf6 56. Ra6 Bf8
57. Kb1 Kg7 58. Ka2 Kf6 59. Ka3 Ke7 60. Ka4 Bh6 61. Rc6 Kd7 62. Bf5+ Ke7
63. Bd3 Rb4+ 64. Ka3 Rb7 65. Ba6 Rb6 66. Rc7+ Kf6 67. Bd3 e4 68. fxe4 Bg7
69. e5+ dxe5 70. Rf7+ Kg5 71. Rxg7 e4 72. Bxe4 Rf6 73. Rc7 1-0

[Event "21st Czech GM Open"]
[Site "Pardubice CZE"]
[Date "2010.07.28"]
[Round "6"]
[White "Krapivin,Vl"]
[Black "Kiran,M"]
[Result "1-0"]
[WhiteElo "2362"]
[BlackElo "2272"]
[EventDate "2010.07.23"]

1. e4 c5 2. Nc3 Nc6 3. g3 g6 4. Bg2 Bg7 5. d3 e6 6. Be3 d6 7. f4 Nge7 8.
Nf3 O-O 9. O-O b6 10. d4 d5 11. exd5 Nf5 12. Bf2 Ncxd4 13. Ne5 exd5 14.
Nxd5 Be6 15. c4 b5 16. b3 bxc4 17. bxc4 Rc8 18. Re1 Re8 19. Qa4 Ne7 20. Nc3
Qc7 21. Nd5 Qd8 22. Nc3 Qc7 23. Nb5 Nxb5 24. cxb5 Nd5 25. Rac1 Nb6 26. Qa6
c4 27. a4 Bf8 28. Bc6 Bb4 29. Re2 Red8 30. a5 Nd5 31. b6 axb6 32. axb6 Qd6
33. b7 Rc7 34. Rxc4 Nc3 35. Rd4 Nxe2+ 36. Qxe2 Qe7 37. Qb5 1-0

[Event "21st Czech GM Open"]
[Site "Pardubice CZE"]
[Date "2010.07.28"]
[Round "6"]
[White "Kashlinskaya,A"]
[Black "Furman,Bo"]
[Result "1-0"]
[WhiteElo "2352"]
[BlackElo "2237"]
[EventDate "2010.07.23"]

1. d4 Nf6 2. c4 e6 3. Nc3 Bb4 4. e3 Nc6 5. Nf3 d5 6. Bd3 O-O 7. O-O a6 8.
Qe2 dxc4 9. Bxc4 Bd6 10. Rd1 Qe8 11. Ng5 h6 12. Nge4 Nxe4 13. Nxe4 Be7 14.
b3 e5 15. Bb2 exd4 16. exd4 Bf5 17. Ng3 Bg6 18. d5 b5 19. Bd3 Na7 20. Qg4
h5 21. Nxh5 f5 22. Qd4 Rf7 23. Nxg7 Qf8 24. Ne6 Qh6 25. Qf4 Qh5 26. h3 Kh7
27. Re1 Rg8 28. Be2 1-0

[Event "21st Czech GM Open"]
[Site "Pardubice CZE"]
[Date "2010.07.28"]
[Round "6"]
[White "Raznikov,D"]
[Black "Sriram,J"]
[Result "1/2-1/2"]
[WhiteElo "2326"]
[BlackElo "2490"]
[EventDate "2010.07.23"]

1. d4 d5 2. c4 c6 3. Nf3 Nf6 4. e3 a6 5. Nc3 b5 6. c5 a5 7. Bd2 g6 8. Ne5
Bg7 9. Be2 O-O 10. f4 Qc7 11. Bf3 Nbd7 12. O-O e6 13. a3 Ne8 14. e4 Ba6 15.
b4 Bb7 16. Rb1 axb4 17. axb4 dxe4 18. Nxe4 f6 19. Qb3 fxe5 20. Qxe6+ Kh8
21. fxe5 Bc8 22. Qb3 Nb8 23. Bc3 Qe7 24. Nd6 Be6 25. d5 cxd5 26. Bxd5 Nc7
27. Rxf8+ Bxf8 28. Bxe6 Qxe6 29. Qxe6 Nxe6 30. Nxb5 Nc6 31. Nd6 Ra3 32. Rc1
Nf4 33. b5 Ne2+ 34. Kf1 Rxc3 35. Rxc3 Nxc3 36. bxc6 Nd5 37. Ne8 Bxc5 38. c7
Ne7 39. Nd6 Bd4 40. c8=Q+ Nxc8 41. Nxc8 Bxe5 42. h3 1/2-1/2

[Event "21st Czech GM Open"]
[Site "Pardubice CZE"]
[Date "2010.07.28"]
[Round "6"]
[White "Ivanov,MM"]
[Black "Meenakshi,Sun"]
[Result "1-0"]
[WhiteElo "2486"]
[BlackElo "1840"]
[EventDate "2010.07.23"]

1. Nf3 Nf6 2. c4 d6 3. d4 g6 4. Nc3 Bg7 5. e4 O-O 6. h3 Nbd7 7. Bg5 e5 8.
d5 h6 9. Be3 Nc5 10. Nd2 a5 11. g4 Bd7 12. Be2 c6 13. h4 cxd5 14. cxd5 Ne8
15. h5 g5 16. a4 b6 17. Nc4 Rb8 18. b3 Qe7 19. f3 f6 20. O-O Rf7 21. Rb1
Qd8 22. Qd2 Bc8 23. b4 axb4 24. Rxb4 Rfb7 25. Rfb1 Bf8 26. Qb2 Nc7 27. Rxb6
Rxb6 28. Nxb6 Na8 29. a5 Nxb6 30. axb6 Be7 31. Qa2 Nd7 32. Na4 Bb7 33. Bb5
Kf8 34. Bc6 Nc5 35. Nxc5 dxc5 36. Qa7 Qc8 37. Rc1 Ba8 38. Qxa8 Rxa8 39. b7
1-0

[Event "21st Czech GM Open"]
[Site "Pardubice CZE"]
[Date "2010.07.28"]
[Round "6"]
[White "Salem,AR"]
[Black "Jasny,S"]
[Result "1-0"]
[WhiteElo "2469"]
[BlackElo "2323"]
[EventDate "2010.07.23"]

1. d4 Nf6 2. c4 g6 3. Nc3 Bg7 4. e4 d6 5. f3 O-O 6. Be3 c5 7. Nge2 Nc6 8.
d5 Ne5 9. Ng3 e6 10. Be2 exd5 11. cxd5 a6 12. a4 Bd7 13. O-O b5 14. h3 Rb8
15. axb5 Bxb5 16. Nxb5 axb5 17. b3 Ned7 18. b4 Ne8 19. bxc5 dxc5 20. Ra7
Nd6 21. f4 Ra8 22. Rxa8 Qxa8 23. e5 Re8 24. Rf3 Nc4 25. Bf2 Ndb6 26. d6 Qc6
27. Rb3 f6 28. Bf3 Qd7 29. Bg4 Qc6 30. d7 Rd8 31. e6 Bf8 32. Nf5 gxf5 33.
Bxf5 Qd6 34. Bxh7+ Kxh7 35. Qh5+ Bh6 36. Rg3 1-0

[Event "21st Czech GM Open"]
[Site "Pardubice CZE"]
[Date "2010.07.28"]
[Round "6"]
[White "Kersten,U"]
[Black "Michalik,P"]
[Result "0-1"]
[WhiteElo "2319"]
[BlackElo "2453"]
[EventDate "2010.07.23"]

1. c4 Nf6 2. Nc3 e5 3. g3 g6 4. Bg2 Bg7 5. e4 d6 6. Nge2 O-O 7. O-O Nc6 8.
d3 Nd7 9. f4 f5 10. exf5 gxf5 11. Be3 Nd4 12. fxe5 dxe5 13. Bxd4 exd4 14.
Nb5 Ne5 15. h3 Ng6 16. Qd2 c6 17. Na3 Qd6 18. Nf4 Bh6 19. Nc2 Bd7 20. Qf2
Nxf4 21. gxf4 Bg7 22. b4 b6 23. b5 cxb5 24. Bd5+ Kh8 25. Nxd4 Rg8 26. Kh2
Qc5 27. Qf3 Bxd4 28. Bxa8 Bxa1 29. Rxa1 bxc4 30. dxc4 Qxc4 31. Bd5 Qc2+ 32.
Kh1 Rc8 33. Rg1 Bc6 34. Rg2 Bxd5 35. Qxd5 Qc1+ 36. Rg1 Qxf4 37. Re1 Rg8 38.
Qc6 Qd4 39. Qf3 Qg7 40. Kh2 f4 41. Rf1 b5 0-1

[Event "21st Czech GM Open"]
[Site "Pardubice CZE"]
[Date "2010.07.28"]
[Round "6"]
[White "Pileckis,E"]
[Black "Lorscheid,G"]
[Result "1-0"]
[WhiteElo "2438"]
[BlackElo "2326"]
[EventDate "2010.07.23"]

1. Nf3 Nf6 2. c4 c5 3. d4 cxd4 4. Nxd4 g6 5. Nc3 Bg7 6. e4 d6 7. Be2 O-O 8.
O-O Nc6 9. Be3 Nd7 10. Rc1 Nc5 11. Qd2 Bd7 12. Rfd1 a5 13. Ndb5 Be6 14. f3
a4 15. Nd5 Bxd5 16. cxd5 Ne5 17. Bxc5 dxc5 18. f4 Bh6 19. g4 Nd7 20. g5 Bg7
21. e5 Qb6 22. Bc4 Ra5 23. d6 e6 24. Nc7 Rd8 25. Qe2 h5 26. gxh6 Bxh6 27.
Qg4 Nxe5 28. fxe5 Bxc1 29. Rxc1 Qxb2 30. Qg5 Qd4+ 31. Kg2 Rf8 32. Nxe6 Qe4+
33. Kg3 fxe6 34. Bxe6+ Rf7 35. Bxf7+ Kxf7 36. Rf1+ 1-0

[Event "21st Czech GM Open"]
[Site "Pardubice CZE"]
[Date "2010.07.28"]
[Round "6"]
[White "Nurkiewicz,M"]
[Black "Feher,Ad"]
[Result "0-1"]
[WhiteElo "2428"]
[BlackElo "2319"]
[EventDate "2010.07.23"]

1. e4 c6 2. d4 d5 3. Nc3 dxe4 4. Nxe4 Bf5 5. Ng3 Bg6 6. h4 h6 7. Nf3 Nd7 8.
h5 Bh7 9. Bd3 Bxd3 10. Qxd3 e6 11. Bf4 Qa5+ 12. Bd2 Bb4 13. c3 Be7 14. c4
Qc7 15. O-O-O Ngf6 16. Kb1 O-O 17. Ne4 Rad8 18. Nxf6+ Nxf6 19. g4 Nxg4 20.
Qe2 Kh8 21. Rdg1 f5 22. Qxe6 Qd6 23. Qe2 Bf6 24. Bc3 Rde8 25. Qd2 Qe6 26.
Nh4 Bxh4 27. Rxh4 Qxc4 28. d5 Qxd5 29. Qf4 Nf6 30. Qg3 Re7 31. Rd4 Qe6 32.
Rd6 Qe4+ 33. Ka1 f4 34. Qh4 Qf5 35. a3 Kh7 36. f3 Rff7 37. Rg6 Re6 38. Rxe6
Qxe6 39. Rg1 Nd5 40. Bd4 Ne3 41. Bc3 Qd5 42. Qh1 c5 43. Rg6 Qd1+ 44. Qxd1
Nxd1 45. Be5 Ne3 46. b3 Nf1 47. Rg4 Ng3 48. Bxf4 Nxh5 49. Bd6 Rxf3 50. Bxc5
b6 51. Bd6 Rxb3 52. Ka2 Rd3 53. Bb8 Rd7 54. Ra4 a5 55. Rc4 Nf6 56. Rc6 Nd5
57. Kb3 b5 58. Bd6 h5 59. Ra6 h4 0-1

[Event "21st Czech GM Open"]
[Site "Pardubice CZE"]
[Date "2010.07.28"]
[Round "6"]
[White "Haimovich,T"]
[Black "Shevtsov,N"]
[Result "1/2-1/2"]
[WhiteElo "2427"]
[BlackElo "2309"]
[EventDate "2010.07.23"]

1. e4 c5 2. Nf3 d6 3. d4 cxd4 4. Nxd4 Nf6 5. Nc3 g6 6. f4 Nc6 7. Nxc6 bxc6
8. e5 Nd7 9. exd6 exd6 10. Be3 Nf6 11. Qd2 Be7 12. O-O-O O-O 13. h3 Qa5 14.
Kb1 d5 15. Bd4 Rb8 16. b3 Re8 17. Bd3 Rb4 18. Be5 Nd7 19. Rhe1 Nxe5 20.
Rxe5 Be6 21. f5 Bf6 22. Rxe6 fxe6 23. fxg6 Reb8 24. Qh6 Rh4 25. gxh7+ Kf7
26. Qg6+ Ke7 27. Qg3 Rb7 28. Ba6 Rbb4 29. Bc8 Qd8 30. Qg8 Kd6 31. Bxe6 Kc7
32. a3 Rbd4 33. Rf1 Rdf4 34. Rxf4 Rxf4 35. Qg3 Qd6 36. Nd1 Qe5 37. c3 d4
38. Bc4 dxc3 39. Kc2 Qd6 40. Qe3 Bd4 41. Qe2 Qxa3 42. Nxc3 Qf8 43. Qh5 Qg7
44. Ne2 Rf2 45. Kd3 Be5 46. g4 Qf6 47. Kc2 Ba1 48. Qa5+ Kb8 49. Qe1 Rh2 50.
Qg3+ Be5 51. Qe3 Ba1 52. Qg3+ Be5 53. Qe3 Ba1 1/2-1/2